000 00296nam a22001337a 4500
008 170831b xxu||||| |||| 00| 0 eng d
020 _a2900495166299
041 _aeng
080 _a070
100 _a40
101 _aMED
245 _aWRITING AND REPORTING NEWS
_cRICH.C
942 _2udc
_cBK
999 _c25898
_d25898